| 000 | 00721nam2a2200205 4500 | ||
|---|---|---|---|
| 001 | RU\NLR\PER_A\002757093_000830 | ||
| 005 | 20250624161612.0 | ||
| 035 | _a(NLR Aleph) 012794792 | ||
| 090 |
_a13164038 _c13164038 |
||
| 100 | _a20220520d2021 |||y0rusy50 ca | ||
| 101 | 0 | _arus | |
| 102 | _aRU | ||
| 200 | 0 | _a2021, вып. 3 (47) | |
| 210 |
_d2021 _aБ. м. |
||
| 461 | 0 |
_1001RU\NLR\INFOCOMM18\1000096324 _12001#$aГидроакустика$eНауч.-техн. сб.$v2021, вып. 3 (47) _92196411 _cСПб. _d2000- _nМорфизприбор _oНауч.-техн. сб. _tГидроакустика _x1608-8182 _v2021, вып. 3 (47) |
|
| 852 |
_aNLR _jП11/4667 |
||
| 942 | _cISSUE | ||
| 980 | _aNB | ||
| 980 | _aRUSPER | ||